Países más adivinados en JetPunk - Estadísticas

Estadísticas generales
  • Esta prueba ha sido intentada 8.543 veces
    4.578 desde el último reinicio
  • La puntuación promedio es 22 de 25
Estadísticas de respuestas
% adivinado País % Correcto
94% España
99%
96% Estados Unidos
99%
95% Argentina
97%
92% China
97%
94% Francia
97%
95% Canadá
96%
95% México
96%
93% Rusia
95%
94% Brasil
94%
90% Alemania
93%
92% Italia
92%
89% Japón
91%
89% Reino Unido
89%
89% Australia
88%
93% Chile
88%
92% Colombia
88%
85% India
82%
89% Venezuela
82%
91% Perú
81%
90% Portugal
79%
88% Uruguay
75%
85% Ecuador
72%
87% Bolivia
70%
87% Paraguay
70%
85% Cuba
59%
No se encontraron pruebas coincidentes
Distribución de puntuación
Porcentaje de gente con cada puntuación
Porcentaje por número respondido
Historial de tus puntuaciones
No has intentado esta prueba desde el último reinicio